[Event "JBLN West 1819"]
[Site "Germany"]
[Date "2019.05.18"]
[Round "8.2"]
[White "Stelmaszyk, Nico"]
[Black "Poghosyan, Tigran"]
[Result "0-1"]
[WhiteElo "2111"]
[BlackElo "2102"]
[PlyCount "68"]
[EventDate "2018.09.23"]
[EventType "team-tourn"]
[EventRounds "9"]
[EventCountry "GER"]
[SourceTitle "EXT 2020"]
[Source "ChessBase"]
[SourceDate "2019.10.17"]
[SourceVersion "1"]
[SourceVersionDate "2019.10.17"]
[SourceQuality "1"]
[WhiteTeam "Lehrte U20"]
[BlackTeam "Luebeck SV U20"]
[WhiteTeamCountry "GER"]
[BlackTeamCountry "GER"]

1. e4 c5 2. Nf3 d6 3. c3 Nf6 4. Be2 Nbd7 5. Qc2 Qc7 6. d3 e6 7. Bf4 Be7 8. a4 0-0 9. Na3 b6 10. Nc4 Bb7 11. 0-0 Nh5 12. Bg5 Bxg5 13. Nxg5 Nf4 14. Bd1 d5 15. Ne3 Ba6 16. Be2 Qd8 17. Nh3 Nxe2+ 18. Qxe2 dxe4 19. c4 exd3 20. Qxd3 Ne5 21. Qe2 Qh4 22. f4 Nc6 23. Ng5 Nd4 24. Qf2 Qxf2+ 25. Kxf2 Rad8 26. Rad1 Nb3 27. Ne4 Rd4 28. Nd6 Rxf4+ 29. Ke2 Nd4+ 30. Kd3 Rxf1 31. Rxf1 f5 32. Kc3 Rd8 33. Nb5 Bb7 34. Nxa7 Ne2+ 0-1

[Event "BL2-Nord 1819"]
[Site "Germany"]
[Date "2019.03.24"]
[Round "10.5"]
[White "Kopylov, Michael"]
[Black "Poghosyan, Tigran"]
[Result "1/2-1/2"]
[WhiteElo "2416"]
[BlackElo "2172"]
[PlyCount "41"]
[EventDate "2018.11.10"]
[EventType "team-tourn"]
[EventRounds "10"]
[EventCountry "GER"]
[SourceTitle "CBM 190 Extra"]
[Source "ChessBase"]
[SourceDate "2019.07.15"]
[SourceVersion "1"]
[SourceVersionDate "2019.07.15"]
[SourceQuality "1"]
[WhiteTeam "Norderstedt"]
[BlackTeam "Luebeck"]
[WhiteTeamCountry "GER"]
[BlackTeamCountry "GER"]

1. d4 Nf6 2. c4 g6 3. g3 Bg7 4. Bg2 d5 5. cxd5 Nxd5 6. e4 Nb6 7. Ne2 0-0 8. 0-0 Nc6 9. d5 Na5 10. Nbc3 c6 11. b3 cxd5 12. exd5 Bg4 13. Bd2 e6 14. dxe6 Bxe6 15. Ne4 Nc6 16. Bg5 f6 17. Bf4 f5 18. Nc5 Bxa1 19. Qxa1 Qe7 20. Nd4 Bd5 21. Bh6 1/2-1/2

[Event "BL2-Nord 1819"]
[Site "Germany"]
[Date "2019.02.03"]
[Round "6.4"]
[White "Moreno Tejera, Emilio"]
[Black "Poghosyan, Tigran"]
[Result "1-0"]
[WhiteElo "2431"]
[BlackElo "2205"]
[PlyCount "147"]
[EventDate "2018.11.10"]
[EventType "team-tourn"]
[EventRounds "10"]
[EventCountry "GER"]
[SourceTitle "CBM 190 Extra"]
[Source "ChessBase"]
[SourceDate "2019.07.15"]
[SourceVersion "1"]
[SourceVersionDate "2019.07.15"]
[SourceQuality "1"]
[WhiteTeam "Berlin Tegel"]
[BlackTeam "Luebeck"]
[WhiteTeamCountry "GER"]
[BlackTeamCountry "GER"]

1. e4 c5 2. d3 d6 3. g3 g6 4. Bg2 Bg7 5. f4 Nc6 6. Nf3 e6 7. 0-0 Nge7 8. c3 0-0 9. Be3 b6 10. Na3 Ba6 11. Bf2 Rb8 12. Nc2 b5 13. a3 Bb7 14. Qe2 a5 15. d4 cxd4 16. cxd4 Ba6 17. Rfd1 d5 18. e5 a4 19. Be1 Na5 20. Nb4 Bc8 21. Rac1 Nb3 22. Rc3 Qb6 23. Bf2 Bd7 24. g4 Rfc8 25. Rxc8+ Rxc8 26. Nd3 Bh6 27. Be3 Rc4 28. Qf2 Nc6 29. Bf1 Bf8 30. Nde1 Ne7 31. Bxc4 bxc4 32. Bd2 Nxd2 33. Qxd2 Nc6 34. Kg2 Qb3 35. Rc1 Bh6 36. Ng5 Bf8 37. Ngf3 Be7 38. Ng1 Bd8 39. Ne2 Ba5 40. Nc3 Bb6 41. Ne2 Ba5 42. Rc3 Bxc3 43. Nxc3 Na5 44. Nf3 Qb6 45. Kg3 Nb3 46. Qe3 h6 47. f5 Kh7 48. fxg6+ fxg6 49. Qf4 Be8 50. Qf8 Qc6 51. g5 h5 52. Ne2 Qd7 53. Qf6 Bf7 54. Kf4 Na5 55. Kg3 Nc6 56. Nc3 Kg8 57. Nb5 Na7 58. Nd6 Nb5 59. Qf4 Nc7 60. Qd2 Ne8 61. Nxe8 Bxe8 62. Qb4 Qf7 63. Qb8 Qe7 64. Qd6 Qf7 65. Qd8 Kh7 66. Kf2 Bc6 67. Qf6 Qb7 68. Kg3 Qd7 69. Qf8 Qb7 70. Qh6+ Kg8 71. Qxg6+ Kf8 72. Qf6+ Qf7 73. g6 Qxf6 74. exf6 1-0

[Event "JBLN West 1819"]
[Site "Germany"]
[Date "2019.01.27"]
[Round "4.2"]
[White "Poghosyan, Tigran"]
[Black "Woelk, Tom Frederic"]
[Result "1/2-1/2"]
[WhiteElo "2102"]
[BlackElo "2222"]
[PlyCount "78"]
[EventDate "2018.09.23"]
[EventType "team-tourn"]
[EventRounds "9"]
[EventCountry "GER"]
[SourceTitle "EXT 2020"]
[Source "ChessBase"]
[SourceDate "2019.10.17"]
[SourceVersion "1"]
[SourceVersionDate "2019.10.17"]
[SourceQuality "1"]
[WhiteTeam "Luebeck SV U20"]
[BlackTeam "Hamburger SK U20"]
[WhiteTeamCountry "GER"]
[BlackTeamCountry "GER"]

1. e4 c5 2. Nf3 d6 3. d4 cxd4 4. Qxd4 a6 5. c4 Nc6 6. Qe3 g6 7. Be2 Bg7 8. 0-0 Bg4 9. Rd1 Qa5 10. Nc3 Nf6 11. Bd2 0-0 12. Nd5 Qc5 13. Qxc5 dxc5 14. h3 Bxf3 15. Bxf3 e6 16. Nb6 Rad8 17. Bg5 Ne5 18. Be3 Nfd7 19. Nxd7 Nxd7 20. Bg5 f6 21. Be3 Ne5 22. Bxc5 Rxd1+ 23. Bxd1 Rc8 24. b4 Nd7 25. Bd6 Rxc4 26. Bb3 Rxe4 27. f3 Rd4 28. Bxe6+ Kh8 29. Bxd7 Rxd6 30. Bc8 f5 31. Re1 Bd4+ 32. Kf1 b5 33. Re6 Rxe6 34. Bxe6 Bc3 35. Bc8 a5 36. bxa5 Bxa5 37. Ba6 b4 38. Ke2 Bd8 39. Kd3 Kg7 1/2-1/2

[Event "GER-chT U20"]
[Site "Osnabrueck"]
[Date "2018.12.29"]
[Round "5.2"]
[White "Poghosyan, Tigran"]
[Black "Burian, Simon"]
[Result "1-0"]
[WhiteElo "2187"]
[BlackElo "2129"]
[PlyCount "83"]
[EventDate "2018.12.27"]
[EventType "team-swiss"]
[EventRounds "7"]
[EventCountry "GER"]
[SourceTitle "CBM 188 Extra"]
[Source "ChessBase"]
[SourceDate "2019.02.26"]
[SourceVersion "1"]
[SourceVersionDate "2019.02.26"]
[SourceQuality "1"]
[WhiteTeam "Luebeck"]
[BlackTeam "Plauen Koenig"]
[WhiteTeamCountry "GER"]
[BlackTeamCountry "GER"]

1. e4 c5 2. Nf3 d6 3. d4 cxd4 4. Qxd4 a6 5. c4 Bg4 6. Nfd2 Nc6 7. Qe3 g6 8. h3 Bd7 9. Nf3 Bg7 10. Be2 Nf6 11. 0-0 Rc8 12. Rd1 0-0 13. Nc3 Ne8 14. Nd5 Na5 15. Nb6 Rc6 16. c5 Be6 17. Nd4 Rc7 18. Nxe6 fxe6 19. Bg4 e5 20. b4 Nc6 21. Nd5 Nd4 22. Nxc7 Qxc7 23. Bb2 Nf6 24. Bxd4 Nxg4 25. Qb3+ Kh8 26. cxd6 exd6 27. Rac1 Qe7 28. Bb6 Nh6 29. Rc7 Qh4 30. Qd5 Ng8 31. Qxb7 Bf6 32. Rxd6 Bd8 33. Rc8 Be7 34. Rxf8 Bxf8 35. Rd8 Qf4 36. Rd7 Nf6 37. Rd8 Ng8 38. Be3 Qf6 39. Rd7 Be7 40. Bc5 Qg5 41. Rxe7 Nxe7 42. Qxe7 1-0

[Event "Kiel op 31st"]
[Site "Kiel"]
[Date "2018.08.03"]
[Round "9"]
[White "Knudsen, Simon"]
[Black "Poghosyan, Tigran"]
[Result "0-1"]
[WhiteElo "2197"]
[BlackElo "2146"]
[PlyCount "92"]
[EventDate "2018.07.28"]
[EventType "swiss"]
[EventRounds "9"]
[EventCountry "GER"]
[SourceTitle "CBM 185 Extra"]
[Source "ChessBase"]
[SourceDate "2018.07.29"]
[SourceVersion "1"]
[SourceVersionDate "2018.07.29"]
[SourceQuality "1"]

1. e4 c5 2. Nf3 a6 3. c3 e6 4. d4 d5 5. e5 Bd7 6. Bg5 Qb6 7. Qb3 Qxb3 8. axb3 cxd4 9. Nxd4 f6 10. exf6 gxf6 11. Be3 Nc6 12. b4 Nxd4 13. Bxd4 Rc8 14. Be2 h5 15. Bd3 Kf7 16. 0-0 e5 17. Bb6 Bd6 18. Nd2 Ne7 19. Nb3 Rcg8 20. Rfe1 Bh3 21. g3 h4 22. Bf1 Bc8 23. Bc5 Bc7 24. Bg2 e4 25. Rad1 f5 26. b5 hxg3 27. hxg3 Rh5 28. b6 Bb8 29. c4 dxc4 30. Na5 f4 31. Bxe7 fxg3 32. fxg3 Bxg3 33. Rxe4 Bh2+ 34. Kh1 Bg3+ 35. Kg1 Bh2+ 36. Kh1 Be5+ 37. Bh4 Rg4 38. Rf1+ Kg7 39. Rxg4+ Bxg4 40. Re1 Rxh4+ 41. Kg1 Bd4+ 42. Kf1 Bf5 43. Bf3 Rh2 44. Re7+ Kf6 45. Rxb7 Bd3+ 46. Ke1 Rxb2 0-1

[Event "Kiel op 31st"]
[Site "Kiel"]
[Date "2018.07.29"]
[Round "4"]
[White "Berenstein, Alexander"]
[Black "Poghosyan, Tigran"]
[Result "0-1"]
[WhiteElo "1975"]
[BlackElo "2146"]
[PlyCount "120"]
[EventDate "2018.07.28"]
[EventType "swiss"]
[EventRounds "9"]
[EventCountry "GER"]
[SourceTitle "CBM 185 Extra"]
[Source "ChessBase"]
[SourceDate "2018.07.29"]
[SourceVersion "1"]
[SourceVersionDate "2018.07.29"]
[SourceQuality "1"]

1. e4 c5 2. Bc4 e6 3. d3 Nc6 4. Nc3 Na5 5. a4 Nxc4 6. dxc4 d6 7. Nge2 Be7 8. 0-0 Nf6 9. f4 0-0 10. Ng3 Bd7 11. f5 Bc6 12. Qe2 a6 13. Bf4 e5 14. Bd2 Qd7 15. b3 Rab8 16. Rfd1 b5 17. axb5 axb5 18. Nd5 bxc4 19. Nxe7+ Qxe7 20. bxc4 Qb7 21. Re1 Ra8 22. Rab1 Qc7 23. Bg5 Nd7 24. f6 g6 25. Qg4 Rfb8 26. Rbd1 h6 27. Bxh6 Nxf6 28. Qf3 Ne8 29. h4 Qe7 30. Bg5 Qe6 31. Qe2 Bd7 32. Nf1 Qg4 33. Qxg4 Bxg4 34. Rb1 Be6 35. Nd2 f6 36. Be3 Kf7 37. Rb3 Rc8 38. Reb1 Ra4 39. Rc3 Nc7 40. Rb7 Ke7 41. Kf2 Kd7 42. Kf3 Kc6 43. Rb1 Na8 44. g4 Nb6 45. Kg3 Nxc4 46. Nxc4 Bxc4 47. Rh1 Be6 48. Rf1 Rxe4 49. Rxf6 Rxg4+ 50. Kf3 e4+ 51. Kf2 Re8 52. Bg5 Bd5 53. Re3 Re6 54. Rf8 Re5 55. Rf6 Rf5+ 56. Rxf5 gxf5 57. Ra3 f4 58. Ra6+ Kc7 59. Ra7+ Kb6 60. Rd7 Kc6 0-1

[Event "Oberliga Nord N 1718"]
[Site "Germany"]
[Date "2018.04.15"]
[Round "9.7"]
[White "Dietz, Juergen"]
[Black "Poghosyan, Tigran"]
[Result "0-1"]
[WhiteElo "2166"]
[BlackElo "2185"]
[PlyCount "80"]
[EventDate "2017.10.08"]
[EventType "team-tourn"]
[EventRounds "9"]
[EventCountry "GER"]
[SourceTitle "EXT 2019"]
[Source "ChessBase"]
[SourceDate "2018.10.10"]
[SourceVersion "1"]
[SourceVersionDate "2018.10.10"]
[SourceQuality "1"]
[WhiteTeam "Hamburg SF"]
[BlackTeam "Luebeck"]
[WhiteTeamCountry "GER"]
[BlackTeamCountry "GER"]

1. f4 d5 2. Nf3 Nf6 3. g3 g6 4. Bg2 Bg7 5. d3 0-0 6. 0-0 c6 7. c3 Qb6+ 8. Kh1 Ng4 9. Na3 Nf2+ 10. Rxf2 Qxf2 11. d4 Nd7 12. Nc2 Nf6 13. Be3 Ne4 14. Ng5 Nxg3+ 15. hxg3 Qxg3 16. Qe1 Qg4 17. Bd2 h6 18. Nf3 f6 19. Nh2 Qf5 20. e4 dxe4 21. Bxe4 Qh5 22. d5 cxd5 23. Bf3 Qf5 24. Ne3 Qxf4 25. Bxd5+ e6 26. Bf3 g5 27. Rd1 Qc7 28. Nc2 a6 29. Be3 f5 30. Qf2 g4 31. Bb6 Qf7 32. Bg2 Qg6 33. Bc7 e5 34. Rd6 Qg5 35. Qd2 f4 36. Bd8 Qh5 37. Bd5+ Kh8 38. Kg1 f3 39. Qf2 g3 40. Qxg3 f2+ 0-1

[Event "Oberliga Nord N 1718"]
[Site "Germany"]
[Date "2017.10.08"]
[Round "1.7"]
[White "Kornrumpf, Joachim"]
[Black "Poghosyan, Tigran"]
[Result "0-1"]
[WhiteElo "2035"]
[BlackElo "2185"]
[PlyCount "66"]
[EventDate "2017.10.08"]
[EventType "team-tourn"]
[EventRounds "9"]
[EventCountry "GER"]
[SourceTitle "EXT 2019"]
[Source "ChessBase"]
[SourceDate "2018.10.10"]
[SourceVersion "1"]
[SourceVersionDate "2018.10.10"]
[SourceQuality "1"]
[WhiteTeam "Preetz"]
[BlackTeam "Luebeck"]
[WhiteTeamCountry "GER"]
[BlackTeamCountry "GER"]

1. b3 e5 2. Bb2 Nc6 3. e3 Nf6 4. c4 Be7 5. d3 d5 6. cxd5 Nxd5 7. a3 a5 8. Nf3 f6 9. Be2 Be6 10. Qc2 Nb6 11. Nbd2 Qd5 12. Rc1 Bf7 13. 0-0 0-0 14. Rfd1 Rfe8 15. Nc4 Nd7 16. e4 Qe6 17. d4 exd4 18. Nxd4 Nxd4 19. Bxd4 Bf8 20. Bb2 Nc5 21. Nd2 c6 22. f3 b5 23. b4 axb4 24. axb4 Na4 25. Bd4 Rec8 26. Rb1 c5 27. bxc5 Bxc5 28. Bxc5 Rxc5 29. Qd3 Nc3 30. Rdc1 Qb6 31. Kh1 Nxb1 32. Rxb1 Rd8 33. Rxb5 Rxb5 0-1

[Event "GER-ch U16"]
[Site "Willingen"]
[Date "2017.06.08"]
[Round "7"]
[White "Poghosyan, Tigran"]
[Black "Kuznecovs, Nikita"]
[Result "1-0"]
[WhiteElo "2156"]
[BlackElo "2030"]
[PlyCount "79"]
[EventDate "2017.06.04"]
[EventType "swiss"]
[EventRounds "9"]
[EventCountry "GER"]
[SourceTitle "CBM 178 Extra"]
[Source "ChessBase"]
[SourceDate "2017.06.22"]
[SourceVersion "1"]
[SourceVersionDate "2017.06.22"]
[SourceQuality "1"]

1. d4 Nf6 2. Nc3 e6 3. e4 c5 4. d5 exd5 5. e5 Ng8 6. Qxd5 Ne7 7. Qxc5 Ng6 8. Qe3 Qa5 9. Nf3 Bc5 10. Qe4 0-0 11. Bd2 Nc6 12. Nd5 Qd8 13. Bg5 f6 14. Nxf6+ gxf6 15. Bc4+ Kh8 16. Bxf6+ Rxf6 17. exf6 Qxf6 18. Qe8+ Bf8 19. 0-0 d6 20. Qf7 Qxf7 21. Bxf7 Bg4 22. Ng5 Bf5 23. c3 Nge5 24. Bb3 h6 25. Ne6 Bxe6 26. Bxe6 Re8 27. Bd5 Nd3 28. Rab1 Re5 29. Bc4 Nc5 30. f4 Rf5 31. g4 Rf6 32. h4 Ne7 33. g5 Rf5 34. b4 Na4 35. Be6 Rb5 36. Bd7 Nc6 37. c4 Rb6 38. Rbe1 Nc3 39. Re8 Kg7 40. gxh6+ 1-0

[Event "Hofheim Spring op-A 5th"]
[Site "Hofheim"]
[Date "2017.04.10"]
[Round "6"]
[White "Poghosyan, Tigran"]
[Black "Henrich, David"]
[Result "1/2-1/2"]
[WhiteElo "2170"]
[BlackElo "2153"]
[PlyCount "106"]
[EventDate "2017.04.07"]
[EventType "swiss"]
[EventRounds "9"]
[EventCountry "GER"]
[SourceTitle "CBM 177 Extra"]
[Source "ChessBase"]
[SourceDate "2017.04.27"]
[SourceVersion "1"]
[SourceVersionDate "2017.04.27"]
[SourceQuality "1"]

1. e4 d6 2. d4 Nf6 3. f3 Nbd7 4. Be3 e5 5. d5 Be7 6. Qd2 c6 7. c4 a6 8. Nc3 Qa5 9. Rb1 c5 10. Nge2 b5 11. b3 b4 12. Nd1 Qc7 13. g4 h5 14. g5 Nh7 15. h4 Nhf8 16. Ng3 Ng6 17. Nf2 Nb6 18. Nd3 Bf8 19. Qb2 a5 20. Be2 Nd7 21. Rd1 Rh7 22. Qc2 Rh8 23. Nf5 Bb7 24. Bc1 a4 25. Bb2 a3 26. Ba1 0-0-0 27. f4 Re8 28. Ng3 exf4 29. Nxh5 Rxe4 30. Ndxf4 Rxf4 31. Nxf4 Nxf4 32. Bg4 Qd8 33. 0-0 Rxh4 34. Qf5 Ng6 35. Rde1 Be7 36. Bxg7 Bxg5 37. Qxd7+ Qxd7 38. Bxd7+ Kxd7 39. Rxf7+ Ne7 40. Re6 Rg4+ 41. Kh2 Bc8 42. Bf6 Bxf6 43. Rfxf6 Ke8 44. Rxd6 Re4 45. Rf2 Bg4 46. Ra6 Kd7 47. Ra7+ Ke8 48. Rc7 Nf5 49. Rxc5 Re3 50. Rd2 Rh3+ 51. Kg1 Ne3 52. Rb5 Rg3+ 53. Kf2 Rf3+ 1/2-1/2

[Event "Hofheim Spring op-A 5th"]
[Site "Hofheim"]
[Date "2017.04.08"]
[Round "2"]
[White "Poghosyan, Tigran"]
[Black "Yankelevich, Lev"]
[Result "0-1"]
[WhiteElo "2170"]
[BlackElo "2421"]
[PlyCount "142"]
[EventDate "2017.04.07"]
[EventType "swiss"]
[EventRounds "9"]
[EventCountry "GER"]
[SourceTitle "CBM 177 Extra"]
[Source "ChessBase"]
[SourceDate "2017.04.27"]
[SourceVersion "1"]
[SourceVersionDate "2017.04.27"]
[SourceQuality "1"]

1. e4 e5 2. Nf3 Nc6 3. Bb5 a6 4. Ba4 Nf6 5. 0-0 Be7 6. d3 b5 7. Bb3 0-0 8. Nc3 d6 9. a4 Bg4 10. Be3 Na5 11. Ba2 b4 12. Nd5 Nxd5 13. exd5 Rb8 14. Bd2 c5 15. dxc6 Nxc6 16. Bd5 Nd4 17. c3 bxc3 18. bxc3 Nxf3+ 19. Bxf3 Be6 20. c4 d5 21. cxd5 Bxd5 22. Bc3 f6 23. Re1 Bc5 24. Be4 Qd7 25. Qc2 Rfc8 26. Rec1 Bd4 27. Qd2 Bxc3 28. Bxd5+ Qxd5 29. Rxc3 Rxc3 30. Qxc3 Qb3 31. Qc4+ Qxc4 32. dxc4 Kf7 33. Kf1 Rb4 34. c5 Rc4 35. Rb1 Rxc5 36. Rb7+ Kg6 37. Rb6 Ra5 38. Rb4 Kf5 39. Ke2 h5 40. h3 Rc5 41. Kd3 Rd5+ 42. Ke3 Rd6 43. Rc4 Rb6 44. Rc5 h4 45. Rc4 g5 46. Rc5 Ke6 47. Ra5 Rc6 48. Ke4 Rb6 49. Kd3 Rd6+ 50. Ke4 Rc6 51. Ke3 Kf5 52. Kd3 Kf4 53. Rd5 Rc1 54. Ke2 Rc2+ 55. Ke1 Rc6 56. Ke2 Ke4 57. Rd2 f5 58. a5 Rc5 59. Ra2 Rc4 60. Ra3 Rc2+ 61. Ke1 Rb2 62. Ra4+ Kd3 63. Ra3+ Kd4 64. Ra4+ Kc5 65. g3 hxg3 66. fxg3 Rh2 67. h4 gxh4 68. gxh4 Kb5 69. Ra3 Rxh4 70. Rf3 Rf4 71. Rg3 Kxa5 0-1

[Event "GER-chT U20"]
[Site "Borken"]
[Date "2016.12.28"]
[Round "4.3"]
[White "Poghosyan, Tigran"]
[Black "Bui, Bao Anh Le"]
[Result "0-1"]
[WhiteElo "2051"]
[BlackElo "1785"]
[PlyCount "70"]
[EventDate "2016.12.27"]
[EventType "team-swiss"]
[EventRounds "7"]
[EventCountry "GER"]
[SourceTitle "EXT 2018"]
[Source "ChessBase"]
[SourceDate "2017.10.13"]
[SourceVersion "1"]
[SourceVersionDate "2017.10.13"]
[SourceQuality "1"]
[WhiteTeam "Luebeck"]
[BlackTeam "Berlin Mattnetz"]
[WhiteTeamCountry "GER"]
[BlackTeamCountry "GER"]

1. e4 c5 2. Nf3 d6 3. d4 cxd4 4. Qxd4 a6 5. c4 Nc6 6. Qe3 g6 7. Be2 Bg7 8. 0-0 Nf6 9. h3 0-0 10. Rd1 Qc7 11. Nc3 Be6 12. Rb1 Na5 13. b3 Rac8 14. Bd2 Nc6 15. Rbc1 Qb8 16. Ng5 Nd7 17. Nd5 h6 18. Nxe6 fxe6 19. Nf4 Bd4 20. Qg3 g5 21. h4 Nf6 22. Bf3 g4 23. Bxg4 Bxf2+ 24. Qxf2 Nxg4 25. Qg3 Nce5 26. Bc3 Kh7 27. Nxe6 Rg8 28. Qf4 Rg6 29. Nd4 Rf8 30. Qg3 Nf2 31. Qe3 Nxd1 32. Rxd1 Rfg8 33. Rd2 Rg3 34. Qf4 Rxc3 35. Ne2 Rf3 0-1

[Event "Heusenstamm Sparkassen op-A 3rd"]
[Site "Heusenstamm"]
[Date "2016.11.27"]
[Round "4"]
[White "Koellner, Aaron Noah"]
[Black "Poghosyan, Tigran"]
[Result "1/2-1/2"]
[WhiteElo "1843"]
[BlackElo "2080"]
[PlyCount "98"]
[EventDate "2016.11.24"]
[EventType "swiss"]
[EventRounds "7"]
[EventCountry "GER"]
[SourceTitle "EXT 2018"]
[Source "ChessBase"]
[SourceDate "2017.10.13"]
[SourceVersion "1"]
[SourceVersionDate "2017.10.13"]
[SourceQuality "1"]

1. d4 Nf6 2. Nc3 d5 3. Bf4 g6 4. Qd2 Bg7 5. f3 0-0 6. 0-0-0 c6 7. e4 dxe4 8. fxe4 Qa5 9. h3 Be6 10. a3 Rd8 11. Kb1 b5 12. Nf3 a6 13. Nd5 Qxd2 14. Nxf6+ Bxf6 15. Rxd2 Bc8 16. Bc7 Rd7 17. Ba5 Bb7 18. e5 Bg7 19. Bd3 e6 20. Rf1 Bh6 21. Rdd1 Be3 22. Bb6 a5 23. c3 Ra6 24. Bc5 Ra8 25. b4 axb4 26. axb4 Na6 27. Kb2 Nxc5 28. bxc5 b4 29. Ra1 Rad8 30. Ra4 bxc3+ 31. Kxc3 Kg7 32. Re1 Bf4 33. Ba6 Bxa6 34. Rxa6 Rc7 35. Rb1 f6 36. Rbb6 fxe5 37. dxe5 Rd5 38. Rxc6 Rxc5+ 39. Rxc5 Rxc5+ 40. Kd4 Rc2 41. Rxe6 Rxg2 42. Re7+ Kf8 43. Rxh7 Re2 44. Rh4 g5 45. Rg4 Re3 46. Nxg5 Bxg5 47. Rxg5 Rxh3 48. Rg6 Ke7 49. Rb6 Rh1 1/2-1/2

[Event "Heusenstamm Sparkassen op-A 3rd"]
[Site "Heusenstamm"]
[Date "2016.11.27"]
[Round "7"]
[White "Poghosyan, Tigran"]
[Black "Seifert, Norbert"]
[Result "1-0"]
[WhiteElo "2080"]
[BlackElo "1961"]
[PlyCount "67"]
[EventDate "2016.11.24"]
[EventType "swiss"]
[EventRounds "7"]
[EventCountry "GER"]
[SourceTitle "EXT 2018"]
[Source "ChessBase"]
[SourceDate "2017.10.13"]
[SourceVersion "1"]
[SourceVersionDate "2017.10.13"]
[SourceQuality "1"]

1. e4 c5 2. Nf3 Nc6 3. d4 cxd4 4. Nxd4 Nf6 5. Nc3 e6 6. Ndb5 Bb4 7. a3 Bxc3+ 8. Nxc3 d5 9. exd5 exd5 10. Bd3 0-0 11. 0-0 Bg4 12. f3 Bh5 13. Bg5 Bg6 14. Bxg6 hxg6 15. Bxf6 Qxf6 16. Qxd5 Rad8 17. Qc4 Rd2 18. Ne4 Qd4+ 19. Qxd4 Rxd4 20. Rad1 Rfd8 21. Nc3 Rd2 22. Rxd2 Rxd2 23. Rf2 Rd7 24. Kf1 Ne5 25. b3 g5 26. Ke1 f5 27. Rd2 Re7 28. Kf2 Nc6 29. Rd5 g6 30. Rd6 Kf7 31. Nd5 Re5 32. Ne3 Re7 33. Nc4 Rc7 34. Ke2 1-0

[Event "Korbach op 8th"]
[Site "Korbach"]
[Date "2016.10.22"]
[Round "4"]
[White "Vachylya, Andriy"]
[Black "Poghosyan, Tigran"]
[Result "1-0"]
[WhiteElo "2202"]
[BlackElo "2068"]
[PlyCount "81"]
[EventDate "2016.10.20"]
[EventType "swiss"]
[EventRounds "7"]
[EventCountry "GER"]
[SourceTitle "CBM 175 Extra"]
[Source "ChessBase"]
[SourceDate "2016.12.12"]
[SourceVersion "1"]
[SourceVersionDate "2016.12.12"]
[SourceQuality "1"]

1. e4 c5 2. Nf3 d6 3. d4 cxd4 4. Nxd4 Nf6 5. Nc3 a6 6. Be3 e5 7. Nb3 Be7 8. f3 Be6 9. Qd2 0-0 10. 0-0-0 Qc7 11. g4 Rc8 12. h4 d5 13. g5 d4 14. gxf6 dxe3 15. Qxe3 Bxf6 16. Bh3 Nd7 17. Qd2 Nb6 18. Bxe6 fxe6 19. Qd6 Qxd6 20. Rxd6 Nc4 21. Rd7 b6 22. h5 Bg5+ 23. Kb1 Na3+ 24. bxa3 Rxc3 25. Rd6 a5 26. a4 b5 27. axb5 a4 28. Nc1 Rb8 29. Kb2 Rc4 30. c3 Rxb5+ 31. Kc2 Bxc1 32. Rxc1 Kf7 33. Kd3 Rbc5 34. Rd7+ Kf6 35. Rc2 h6 36. Rd6 Rc7 37. Rb6 Kg5 38. Rxe6 Kf4 39. Rc1 R4c5 40. Rg6 Rd7+ 41. Ke2 1-0